| 000 | 00000nam##2200000za#4500 |
| 001 | 9.534761 |
| 003 | CaOODSP |
| 005 | 20210615083639 |
| 007 | ta |
| 008 | 150406|1998||||xxc||||| f|0| 0 fre|d |
| 040 | |aCaOODSP|bfre |
| 041 | |aeng |
| 041 | |afre |
| 043 | |an-cn--- |
| 086 | 1 |aNH14-1/0385 |
| 110 | 2 |aSociété canadienne d'hypothèques et de logement. |
| 245 | 10|aChoix et adaptabilité des logements destinés aux réfugiés africains / |cThe Canadian African Newcomer Aid Centre, Toronto (Ontario). Établi par Word-Works Communications Services. |
| 260 | |aOttawa - Ontario : |bSociété canadienne d'hypothèques et de logement |c1998. |
| 300 | |aTexte français, ii, 20p. : |bill. ; |c28 cm. |
| 490 | 1 |aAbordabilité et choix toujours (ACT) projet de réforme de la réglementation|v0385 |
| 546 | |aBilingue |
| 563 | |aCouverture souple |
| 590 | |a01-05|b2001-02-02 |
| 691 | 07|aLogement subventionné|2gcpds |
| 691 | 07|aImmigrant|2gcpds |
| 691 | 07|aRéfugié|2gcpds |
| 776 | 0#|tHousing choice and adaptability for African refugees / |w(CaOODSP)9.573395 |
| 776 | 0#|tChoix et adaptabilité des logements destinés aux réfugiés africains / |w(CaOODSP)9.603564 |
| 791 | |tHousing choice and adaptability for African refugees / |eeng|w(CaOODSP)9.534760 |
| 830 | #0|aAbordabilité et choix toujours (ACT) projet de réforme de la réglementation ;|v0385|w(CaOODSP)9.509541 |
| 986 | |aPB 0385 |